| Tag |
First Indicator |
Second Indicator |
Subfields |
| LEADER |
00000cam a2200000 a 4500 |
| 001 |
in00001032613 |
| 005 |
20150929082654.0 |
| 008 |
900131s1990 nyua j 000 0 eng |
| 010 |
|
|
|a 90031583
|
| 020 |
|
|
|a 0525650385 :
|c $12.95
|
| 035 |
|
|
|a (OCoLC)21230977
|
| 035 |
|
|
|9 AFJ6632AM
|
| 040 |
|
|
|a DLC
|c DLC
|d TXA
|d UtOrBLW
|
| 043 |
|
|
|a n-us-ga
|
| 049 |
|
|
|a TXAM
|
| 050 |
0 |
0 |
|a PS3569.E154
|b J84 1990
|
| 082 |
0 |
0 |
|a 811/.54
|2 20
|
| 100 |
1 |
|
|a Seabrooke, Brenda.
|
| 245 |
1 |
0 |
|a Judy Scuppernong /
|c Brenda Seabrooke ; illustrated by Ted Lewin.
|
| 250 |
|
|
|a 1st ed.
|
| 264 |
|
1 |
|a New York :
|b Cobblehill Books, Dutton,
|c [1990]
|
| 264 |
|
4 |
|c ©1990
|
| 300 |
|
|
|a 64 pages :
|b illustrations ;
|c 20 cm.
|
| 336 |
|
|
|a text
|b txt
|2 rdacontent
|
| 337 |
|
|
|a unmediated
|b n
|2 rdamedia
|
| 338 |
|
|
|a volume
|b nc
|2 rdacarrier
|
| 520 |
|
|
|a Poems describe the daily experiences of four girls growing up in a small town in Georgia in the early 1950s.
|
| 650 |
|
0 |
|a Girls
|x Juvenile poetry.
|
| 651 |
|
0 |
|a Georgia
|x Juvenile poetry.
|
| 650 |
|
0 |
|a Children's poetry, American.
|
| 650 |
|
1 |
|a Friendship
|x Poetry.
|
| 650 |
|
1 |
|a American poetry.
|
| 700 |
1 |
|
|a Lewin, Ted,
|e illustrator.
|
| 999 |
|
|
|a MARS
|
| 999 |
f |
f |
|s 4d9f9fa4-1c05-34b3-9b2c-478e3d05597c
|i 0688c824-720c-3959-b982-6eb315dfb42a
|t 0
|
| 952 |
f |
f |
|p normal
|a Texas A&M University
|b College Station
|c Sterling C. Evans Library
|d Evans: Curriculum Collection (4th floor)
|t 0
|e PS3569.E154 J84 1990
|h Library of Congress classification
|i unmediated -- volume
|m A14815451784
|
| 998 |
f |
f |
|a PS3569.E154 J84 1990
|t 0
|l Evans: Curriculum Collection (4th floor)
|